| 000 | 00581nam a2200193Ia 4500 | ||
|---|---|---|---|
| 003 | IN-BaIIA | ||
| 008 | 211028s9999 xx 000 0 eng d | ||
| 020 | _a978-1-4020-4521-9 | ||
| 040 | _cIIA Library | ||
| 080 |
_a523.834 _bHOY |
||
| 100 |
_aHoyng, Peter _931778 |
||
| 245 | 0 |
_aRelativistic astrophysics and cosmology _ba primer _cPeter Hoyng |
|
| 260 |
_aBerlin _bSpringer _c2006 |
||
| 300 | _axi, 291p. | ||
| 490 | _aAstronomy and astrophysics library | ||
| 650 | _aCosmology | ||
| 650 |
_aRelativistic _931779 |
||
| 942 | _cBK | ||
| 999 |
_c16963 _d16963 |
||